000 02113cam a2200541 a 4500
001 20733
003 VRT
005 20260130153758.0
008 240226s1982 xo gr 000 f slo
015 _aSNBA1983/05
020 _q(viazané)
035 _aSNK000034185
035 _a9966F20F-CB62-4AA9-82A4-D49C3C56A75D
035 _aurn:nbn:sk:snk-am00iiv7
039 9 _a202402261908
_bVLOAD
_c202305011810
_dVLOAD
_c202304281410
_dVLOAD
_c202304281047
_dVLOAD
040 _aSNK
_bslo
_cSNK
_eAACR2
041 1 _aslo
_heng
044 _axo
_cSK
072 7 _a821.111-3
_xAnglická próza, anglicky písaná
_2konspekt
080 _a820-3
_21997
080 _a821.111-31
_22011
080 _a(0:82-312.4)
_22011
100 1 _aJames, P. D.,
_d1920-2014
_4aut
245 1 0 _aSvedka treba odstrániť ; Džob nevhodný pre ženu
_cPatricia Dorothy James ; [z anglických originálov Death of an expert witness, An Unsuitable Job for a Woman preložili Dušan Slobodník a Ladislav Mihálik]
250 _a1. vyd.
260 _aBratislava
_bSlovenský spisovateľ
_c1982
_eTrnava
_fPolygrafické závody
300 _a412 strán
_c21 cm
490 1 _aZelená knižnica
500 _aDokument obsahuje 2 diela
655 7 _aanglické romány
_2SNKPH
655 7 _adetektívne romány
_2SNKPH
700 1 2 _aJames, P. D.,
_d1920-2014
_tDeath of an expert witness c
_lSlovensky
700 1 2 _aJames, P. D.,
_d1920-2014
_tAn Unsuitable Job for a Woman
_lSlovensky
700 1 _aSlobodník, Dušan,
_d1927-2001
_4trl
700 1 _aMihálik, Ladislav,
_d1951-
_4trl
740 0 2 _aDžob nevhodný pre ženu
830 0 _aZelená knižnica
910 _asnk
942 _2ddc
_cKLDO
_n0
949 _6270001000538835
_asvkbbA 32615
_bsvkbbm 417051
949 _64710700497
_astrmkB
_bstrmk2008/497
949 _64710700645
_astrmkB
_bstrmk2008/645
949 _617A0163553
_asnkSC 57735 D1
949 _6270001000241540
_asvkbbA 32615
_bsvkbbm 416650
949 _617A0801115
_asnkSC 57735
_bsnkKSP 3212/83
_s6100:20220706
949 _6273K0149989
_asvkpoA 124294
_bsvkpo290681
999 _c20733
_d20733